Personnages SNK (shingeki no kyojin)(attaque des titans) - Statistiques

Statistiques générales
  • Ce quiz a été pris 11 530 fois
  • Le résultat moyen est 21 sur 41
Statistiques - réponses
Prénom % Correct
1 Eren
100%
2 Mikasa
99%
3 Armin
98%
4 Livai
96%
8 Jean
91%
9 Erwin
90%
18 Reiner
90%
6 Sasha
90%
19 Bertolt
89%
7 Connie
88%
17 Annie
87%
5 Hange
82%
11 Historia
81%
10 Ymir
78%
12 Sieg
69%
15 Gaby
67%
21 Grisha
64%
14 Falco
63%
24 Marco
63%
13 Peak
55%
25 Pixis
53%
31 Porco
49%
22 Carla
46%
27 Kenny
46%
16 Petra
40%
20 Hannes
30%
23 Mike
21%
35 titan colossal
20%
40 titan bestial
19%
33 titan cuirassé
19%
36 titan charette
18%
34 titan feminin
18%
38 titan marteau
18%
37 titan assaillant
17%
39 titan machoire
17%
41 titan originel
17%
30 Sophia
15%
26 Onyankopon
13%
28 Rhodes
12%
29 Udo
12%
32 Marlowe
5%
Aucun quiz correspondant
Distribution des résultats
% des personnes avec chaque résultat
Percentile par nombre de réponses
Votre historique - résultats
Vous n’avez pas pris ce quiz